Datum a čas kvízu
34.5
Celkem bodů
Celkový počet nahraných bodů na tomto kvízu bez doplňovacích otázek.
5.
Pořadí na kvízu
Konečné umístění týmu na tomto kvízu.
Zaznamenané odpovědi
| # | Otázka | Odpověď | Body | Výsledky |
|---|---|---|---|---|
| 1. | Vláda ve středu večer slavnost... | začátek II. světové války – 1938 místo 1939 | 1 | |
| 2. | Minulý týden bylo rozhodnuto o... | Julian Assange | 0 | |
| 3. | Andrej Babiš navštívil festiva... | Mirai | 1 | |
| 4. | Společnost Apple následovala m... | Ulož.to | 1 | |
| 5. | Basketbalová NBA již zná svého... | Golden State Warriors | 0 | |
| 6. | V následujících pěti otázkách... | Vykoupení z věznice Shawshank; Tim Robbins a Morgan Freeman | 0.5 | |
| 7. | Pokračujeme snímkem Pulp Ficti... | 1B 2C 3A 4D | 0 | |
| 8. | V roce 2013 byl natočen životo... | James Hunt, Niki Lauda | 0.5 | |
| 9. | Herci Zdeněk Svěrák a Daniela... | Na samotě u lesa, Akumulátor I, Vratné lahve, Betlémské světlo | 1 | |
| 10. | Jak se jmenují dva herečtí pře... | Jiří Macháček, Marek Taclík | 0.5 |